Cricket: Most Test Wickets for a Bowler vs Batsman post-1960 - Statistics

General Stats
  • This quiz has been taken 25 times
    16 since last reset
  • The average score is 31 of 48
Answer Stats
For Against Years Dismissals Average Bowler % Correct
AUS ENG 1994-2001 19 9.89 Glenn McGrath
100%
AUS WI 1995-2005 15 41.40 Glenn McGrath
100%
AUS WI 1995-2001 12 19.91 Glenn McGrath
100%
WI ENG 1980-1991 16 28.50 Malcolm Marshall
100%
WI ENG 1984-1991 13 17.46 Malcolm Marshall
100%
AUS ENG 1993-2002 14 26.64 Shane Warne
100%
WI ENG 1991-2000 17 25.76 Sir Curtly Ambrose
100%
WI AUS 1991-1999 15 35.06 Sir Curtly Ambrose
100%
WI ENG 1990-1998 13 23.00 Sir Curtly Ambrose
100%
Brian Lara
93%
WI ENG 1991-2000 17 22.64 Courtney Walsh
93%
WI AUS 1988-1999 15 12.53 Courtney Walsh
93%
WI ENG 1990-2000 12 34.58 Courtney Walsh
93%
ENG AUS 1978-1983 12 30.41 Lord Ian Botham
93%
ENG AUS 1978-1989 12 33.75 Lord Ian Botham
93%
AUS ENG 1971-1981 12 33.00 Dennis Lillee
86%
Graham Gooch
86%
ENG AUS 2013-2021* 12 20.41 Stuart Broad
86%
Michael Atherton
79%
Michael Atherton
79%
Michael Atherton
79%
SL SA 1998-2006 12 19.66 Muttiah Muralitharan
79%
Mark Waugh
71%
Alec Stewart
64%
Alec Stewart
64%
David Gower
64%
David Warner
64%
IND PAK 1978-1984 12 39.58 Kapil Dev
64%
SA ENG 2008-2017 12 44.83 Morne Morkel
64%
Sir Alastair Cook
64%
Ian Healy
57%
Sunil Gavaskar
57%
Allan Border
50%
ENG AUS 1971-1980 13 23.84 Derek Underwood
43%
ENG IND 1971-1982 12 53.66 Derek Underwood
43%
ENG AUS 1968-1977 12 36.33 Derek Underwood
43%
Greg Chappell
43%
Allan Lamb
36%
Alan Knott
29%
Kim Hughes
29%
Mark Boucher
29%
ENG AUS 1946-1954 18 32.11 Sir Alec Bedser
29%
Arthur Morris
21%
AUS ENG 1981-1989 14 40.85 Geoff Lawson
21%
Doug Walters
14%
Jack Russell
14%
Jimmy Adams
7%
Mudassar Nazar
7%
No matching quizzes found
Score Distribution
Percent of People with Each Score
Percentile by Number Answered
Your Score History
You have not taken this quiz since the last reset